[Event "CRO-chT4 South"]
[Site "Zadar"]
[Date "2013.10.20"]
[Round "6.2"]
[White "Krsticevic, John Ivan"]
[Black "Maksan, Petar"]
[Result "1-0"]
[WhiteElo "2000"]
[BlackElo "1648"]
[PlyCount "78"]
[EventDate "2013.04.28"]
[EventType "team-tourn"]
[EventRounds "7"]
[EventCountry "CRO"]
[SourceTitle "EXT 2014"]
[Source "ChessBase"]
[SourceDate "2013.11.20"]
[SourceVersion "1"]
[SourceVersionDate "2013.11.20"]
[SourceQuality "1"]
[WhiteTeam "Bibinje Goran II"]
[BlackTeam "Pakostane"]
[WhiteTeamCountry "CRO"]
[BlackTeamCountry "CRO"]

1. e4 c6 2. Nc3 d6 3. d4 e6 4. Be3 Nf6 5. f3 Be7 6. Qd2 Nbd7 7. Bd3 Nb6 8. Nge2 Bd7 9. g4 Qc7 10. 0-0-0 0-0-0 11. g5 Nh5 12. d5 e5 13. Kb1 g6 14. a3 c5 15. Bb5 a6 16. Bxd7+ Rxd7 17. Qd3 Qd8 18. h4 Kb8 19. Na2 Rf8 20. Bd2 Qc8 21. f4 exf4 22. Nxf4 Nxf4 23. Bxf4 f5 24. e5 dxe5 25. Bxe5+ Bd6 26. Bxd6+ Rxd6 27. Nc3 Rfd8 28. Qg3 Qc7 29. Qe5 Nc4 30. Qf4 b5 31. Rhe1 R6d7 32. Qf3 Nb6 33. Re6 Rd6 34. Rxd6 Qxd6 35. Qd3 b4 36. axb4 cxb4 37. Na2 Nxd5 38. Qb3 a5 39. c4 a4 1-0